| 000 | 01094nam a2200265 i 4500 | ||
|---|---|---|---|
| 001 | 186965 | ||
| 003 | SpMaBN | ||
| 005 | 20230906222802.0 | ||
| 008 | 170309s1978 sp be |||| | spa d | ||
| 080 | _a262.3(460.18)"13/14" | ||
| 080 | _a308 : 282(460.18)"13/14" | ||
| 100 | 1 |
_aSánchez Herrero, José. _9102698 |
|
| 245 | 1 | 4 |
_aLas diócesis del reino de León _b: siglos XIV y XV / _cJosé Sánchez Herrero. |
| 260 |
_aLeón : _bCentro de Estudios e Investigación "San Isidoro" : _bArchivo Histórico Diocesano, _c1978. |
||
| 300 |
_a513 p. : _bmapas, planos ; _c24 cm. |
||
| 490 | 1 |
_aFuentes y estudios de historia leonesa ; _v20 |
|
| 504 | _aBibliografía : p. 14-26. | ||
| 598 | _aCol. patrocinada y dir. por Archivo Histórico Diocesano de León. | ||
| 650 | 4 |
_aDiócesis- _zLeón (Reino) _9162039 |
|
| 710 | 2 |
_aCentro de Estudios e Investigación "San Isidoro" _9134242 |
|
| 710 | 2 |
_aArchivo Histórico Diocesano de León. _9144237 |
|
| 830 | 1 |
_aFuentes y estudios de historia leonesa ; _v20 _9192719 |
|
| 852 |
_aES-MaACL _jL-31210 _z- Enc. guaflex |
||
| 999 |
_c186965 _d186965 |
||